000
00214nam a22000977a 4500
999
_c
15796
_d
15796
003
OSt
008
191021b ||||| |||| 00| 0 eng d
100
_a
Kunhikrishnan,Nair.
_9
4317
245
_a
Sree saibaba
942
_c
BK